[Event "Astrakhan Major Cup"]
[Site "Astrakhan"]
[Date "2010.08.29"]
[Round "9"]
[White "Voronov, Dmitry"]
[Black "Shalimov, Valery"]
[Result "0-1"]
[WhiteElo "2206"]
[BlackElo "2425"]
[PlyCount "86"]
[EventDate "2010.08.21"]
[EventType "tourn"]
[EventRounds "11"]
[EventCountry "RUS"]
[EventCategory "2"]
[SourceTitle "EXT 2013"]
[Source "ChessBase"]
[SourceDate "2012.11.22"]
[SourceVersion "1"]
[SourceVersionDate "2012.11.22"]
[SourceQuality "1"]

1. d4 Nf6 2. c4 e6 3. g3 Bb4+ 4. Nd2 d5 5. Bg2 0-0 6. Ngf3 dxc4 7. Qc2 b5 8. a4 bxa4 9. 0-0 Bb7 10. Nxc4 Nbd7 11. Qxa4 a5 12. Bd2 c5 13. Bxb4 axb4 14. Qb5 Rb8 15. Qa5 Bd5 16. Rfc1 Qe7 17. dxc5 Nxc5 18. Nfd2 Bxg2 19. Kxg2 Rfd8 20. Qa2 h6 21. Qb1 b3 22. Rd1 Rd4 23. Ne3 Rbd8 24. Nf3 Rxd1 25. Nxd1 e5 26. Qc1 e4 27. Nd2 Qe5 28. Nc4 Qh5 29. Nc3 Rd4 30. Ne3 Ne6 31. Qe1 Qe5 32. Rd1 h5 33. Rxd4 Nxd4 34. Qa1 g6 35. Qa4 Kg7 36. Qc4 h4 37. Kf1 Nc2 38. Nxc2 bxc2 39. Na4 hxg3 40. Qxc2 gxf2 41. Kxf2 Nd5 42. Qc5 e3+ 43. Ke1 Qe4 0-1

[Event "Astrakhan Major Cup"]
[Site "Astrakhan"]
[Date "2010.08.22"]
[Round "2"]
[White "Voronov, Dmitry"]
[Black "Smirnov, Alexandr A"]
[Result "1/2-1/2"]
[WhiteElo "2206"]
[BlackElo "2233"]
[PlyCount "44"]
[EventDate "2010.08.21"]
[EventType "tourn"]
[EventRounds "11"]
[EventCountry "RUS"]
[EventCategory "2"]
[SourceTitle "EXT 2013"]
[Source "ChessBase"]
[SourceDate "2012.11.22"]
[SourceVersion "1"]
[SourceVersionDate "2012.11.22"]
[SourceQuality "1"]

1. d4 Nf6 2. c4 e6 3. g3 d5 4. Bg2 Be7 5. Nf3 0-0 6. 0-0 b6 7. cxd5 exd5 8. Nc3 Bb7 9. Bg5 Nbd7 10. Nh4 h6 11. Bd2 Re8 12. Nf5 Bf8 13. Rc1 Ne4 14. Bf4 Nxc3 15. Rxc3 Rc8 16. Qc2 c5 17. Nd6 Bxd6 18. Bxd6 cxd4 19. Rxc8 Bxc8 20. Rc1 Ba6 21. Bf3 Qf6 22. Qa4 Qxd6 1/2-1/2

[Event "Astrakhan Cup"]
[Site "Astrakhan"]
[Date "2008.08.??"]
[Round "?"]
[White "Dusenov, Ruslan"]
[Black "Voronov, Dmitry"]
[Result "1/2-1/2"]
[WhiteElo "2293"]
[BlackElo "2190"]
[PlyCount "48"]
[EventDate "2008.08.??"]
[EventType "tourn"]
[EventRounds "11"]
[EventCountry "RUS"]
[EventCategory "3"]
[SourceTitle "EXT 2010"]
[Source "ChessBase"]
[SourceDate "2010.11.25"]
[SourceVersion "1"]
[SourceVersionDate "2010.11.25"]
[SourceQuality "1"]

1. e4 c5 2. d4 cxd4 3. c3 Nf6 4. e5 Nd5 5. Nf3 Nc6 6. Bc4 Nb6 7. Bb3 d6 8. exd6 e6 9. 0-0 Bxd6 10. cxd4 0-0 11. Nc3 Bd7 12. a3 h6 13. Qd3 Ne7 14. Ne4 Bc7 15. Bc2 Ng6 16. Ne5 Bxe5 17. dxe5 Ba4 18. Qxd8 Rfxd8 19. Bxa4 Nxa4 20. b3 Nb6 21. Bb2 Rd3 22. Nc5 Rd5 23. Rac1 Nxe5 24. Bxe5 Rxe5 1/2-1/2